• 首页
  • 本馆介绍
  • 公告通知
  • 最新文献
  • 馆藏检索
  • 电子资源
  • 读者导购
  • 参考咨询
  • 我的图书馆
  • 登录
  • 详细信息显示
  • 放入我的书架
  • 预约/预借图书
  • 作者相关作品
  • 分类相关作品
  • 丛书相关作品
  • 出版社相关作品

书目信息

  • 表格格式
  • 工作单格式
  • 卡片格式
题名:
同一首歌
    
 
作者: 孟欣 , 何锐 编
分册:   90年代经典歌曲100首
出版信息: 北京   现代出版社  2005
页数: 179页
开本: 22cm
丛书名:
单 册:
中图分类: J642.1
科图分类:
主题词: 歌曲--作品集--中国--现代
电子资源:
ISBN: 7-80188-438-8
000 00755nam0 2200253 45
001 060000036581
005 20051206155940.15
010    @a7-80188-438-8@dCNY18.00
092    @aCN
100    @a20050714d2005 ekmy0chiy0120 ea
101 0  @achi
102    @aCN@b110000
105    @ag z 000yy
200 1  @a同一首歌@9tong yi shou ge@e女生版@i90年代经典歌曲100首@f孟欣,何锐编@Fmeng xin,he rui bian
210    @a北京@c现代出版社@d2005
215    @a179页@c乐谱@d22cm
517 1  @a90年代经典歌曲100首@990 nian dai jing dian ge qu 100 shou
606 0  @a歌曲@j作品集@y中国@z现代
690    @aJ642.1@v4
701  0 @a孟欣@Ameng xin@4编
701  0 @a何锐@Ahe rui@4编
801  0 @aCN@bCXYBOOK@c20051206
905    @a10447@dJ642.1@e162
999    @aYYW@eDF
    
    同一首歌:女生版.90年代经典歌曲100首/孟欣,何锐编.-北京:现代出版社,2005
    179页:乐谱;22cm
    
    
    ISBN 7-80188-438-8:CNY18.00
    
●
相关链接 在E读中查询图书 在五车中查询图书 在当当中查询图书 在豆瓣中查询图书


正题名:同一首歌     索取号:J642.1/162         预约/预借

序号 登录号 条形码 馆藏地/架位号 状态 备注
1 0370572   203705721   第一样本阅览室/ [索取号:J642.1/162] 在馆    
2 0370573   203705730   第一借阅区/ [索取号:J642.1/162] 在馆    
3 0370574   203705749   第一借阅区/ [索取号:J642.1/162] 在馆    
4 0370575   203705758   第一借阅区/ [索取号:J642.1/162] 在馆    
5 0370576   203705767   第一借阅区/ [索取号:J642.1/162] 在馆    
欢迎您!
大连网信软件有限公司© 版权所有